La Economía mundial y América Latina: tendencias, problemas y desafíos /
El autor argumenta la pertinencia de recuperar la categoría de imperialismo como un instrumento teórico necesario para el estudio de la actual multipolaridad del sistema capitalista, y revisa desde esa perspectiva tanto los escenarios presentes y futuros planteados por Immanuel Wallerstein y Gionani...
Guardat en:
| Autor principal: | |
|---|---|
| Autor corporatiu: | |
| Altres autors: | |
| Format: | Text |
| Publicat: |
Buenos Aires:
CLACSO. Asdi
|
| Matèries: | |
| Etiquetes: |
Afegir etiqueta
Sense etiquetes, Sigues el primer a etiquetar aquest registre!
|
MARC
| LEADER | 00000 a a2200000 04500 | ||
|---|---|---|---|
| 001 | 30954 | ||
| 003 | |||
| 040 | |||
| 020 | |a 987-1183-14-3 | ||
| 090 | |a 197105 |b | ||
| 100 | |a Estay Reyno, Jaime | ||
| 110 | |a CLACSO | ||
| 245 | |a La Economía mundial y América Latina: tendencias, problemas y desafíos / |c Jaime Estay Reyno | ||
| 260 | |a Buenos Aires: |b CLACSO. Asdi | ||
| 300 | |a 411 p. | ||
| 520 | |a El autor argumenta la pertinencia de recuperar la categoría de imperialismo como un instrumento teórico necesario para el estudio de la actual multipolaridad del sistema capitalista, y revisa desde esa perspectiva tanto los escenarios presentes y futuros planteados por Immanuel Wallerstein y Gionani Arrighi como el significado de las iniciativas estadounidenses de acuerdos comerciales hacia nuestra región | ||
| 650 | |a IMPERIALISMO | ||
| 650 | |a CAPITALISMO | ||
| 650 | |a LIBRE COMERCIO | ||
| 650 | |a COMERCIO AGRICOLA | ||
| 650 | |a ALCA | ||
| 650 | |a POLITICA DE COMERCIO EXTERIOR | ||
| 700 | |a comp | ||
| 999 | |c 14905 |d 14905 | ||



